| 000 | 00691cab a2200217 4500 | ||
|---|---|---|---|
| 001 | WB3431-09 | ||
| 008 | 090401t1998 xxu||||| |||| 00| 0 eng d | ||
| 035 | _a(Sirsi) u87988 | ||
| 041 | _aeng | ||
| 245 | _aDemand for flood development restrictions | ||
| 260 | _c1998 | ||
| 350 | _a0 | ||
| 490 |
_aContract Journal _v395(6188) 12 August 1998, 3(1) |
||
| 520 | _aA House of Commons Agriculture Committee report calls for development on coastal and river flood zones to be curtailed. | ||
| 650 | _aFLOOD DEFENCE | ||
| 650 | _aFLOOD PLAINS | ||
| 650 | _aHOUSE OF COMMONS AGRICULTURE SELECT COMMITTEE | ||
| 690 | _aPROPERTY-PROPERTY DEVELOPMENT | ||
| 942 | _n0 | ||
| 948 | _c13/08/1998 | ||
| 999 |
_c55546 _d55546 |
||